[Event "Guelph Winter ProAm"]
[Site "Guelph CAN"]
[Date "2010.02.06"]
[Round "2"]
[White "Samsonkin, Artiom"]
[Black "Martchenko, Alexander"]
[Result "1-0"]
[WhiteElo "2606"]
[BlackElo "2342"]
[WhiteFideId "-1"]
[WhiteFideId "-1"]
[PlyCount "63"]
[GameId "2160767910028982"]
[EventDate "2010.02.06"]
[EventType "swiss"]
[EventRounds "5"]
[EventCountry "CAN"]
[SourceTitle "EXT 2011"]
[Source "ChessBase"]
[SourceDate "2011.11.26"]
[SourceVersion "1"]
[SourceVersionDate "2011.11.26"]
[SourceQuality "1"]

1. e4 c6 2. Nc3 d5 3. Nf3 dxe4 4. Nxe4 Nf6 5. Qe2 Nxe4 6. Qxe4 Qd5 7. Qh4 Qe6+ 8. Be2 Qg4 9. Qg3 Qxg3 10. hxg3 Bf5 11. b3 Nd7 12. Bb2 e5 13. O-O-O Bc5 14. Nxe5 Nxe5 15. Bxe5 O-O 16. g4 Rfe8 17. f4 Be4 18. Bf3 Bxf3 19. gxf3 f6 20. Bb2 Bd6 21. f5 Bf4 22. Rhe1 Bg3 23. Re4 Kf7 24. Rg1 Bf2 25. Rg2 Rxe4 26. fxe4 Bh4 27. d4 Bg5+ 28. Kd1 h5 29. gxh5 Rh8 30. Rh2 Bf4 31. Rh1 Re8 32. Ke2 1-0

[Event "Guelph Winter ProAm"]
[Site "Guelph CAN"]
[Date "2010.02.06"]
[Round "3"]
[White "Noritsyn, Nikolay"]
[Black "Samsonkin, Artiom"]
[Result "1/2-1/2"]
[WhiteElo "2548"]
[BlackElo "2606"]
[WhiteFideId "-1"]
[WhiteFideId "-1"]
[PlyCount "42"]
[GameId "2160767910028996"]
[EventDate "2010.02.06"]
[EventType "swiss"]
[EventRounds "5"]
[EventCountry "CAN"]
[SourceTitle "EXT 2011"]
[Source "ChessBase"]
[SourceDate "2011.11.26"]
[SourceVersion "1"]
[SourceVersionDate "2011.11.26"]
[SourceQuality "1"]

1. e4 e6 2. d4 d5 3. Nc3 Bb4 4. e5 c5 5. a3 Ba5 6. b4 cxd4 7. Nb5 Bc7 8. f4 Ne7 9. Bd3 a6 10. Nxc7+ Qxc7 11. Bb2 Nbc6 12. Nf3 Nf5 13. Bxf5 exf5 14. O-O O-O 15. Nxd4 Be6 16. Qd3 Nxd4 17. Bxd4 Rfc8 18. c3 Qc4 19. Qb1 Rc6 20. a4 Bd7 21. Qe1 Rg6 1/2-1/2

[Event "Champions Challenge 191th"]
[Site "Playchess.com INT"]
[Date "2007.03.24"]
[Round "1.1"]
[White "Nestorovic, Dejan"]
[Black "Samsonkin, Artiom"]
[Result "1-0"]
[WhiteElo "2387"]
[BlackElo "2495"]
[WhiteFideId "-1"]
[WhiteFideId "-1"]
[PlyCount "71"]
[GameId "1166649242370048"]
[EventDate "2007.03.24"]
[EventType "k.o. (blitz)"]
[EventRounds "5"]
[EventCountry "GER"]
[SourceTitle "CBM 117 Extra"]
[Source "ChessBase"]
[SourceDate "2007.05.09"]
[SourceVersion "1"]
[SourceVersionDate "2007.05.09"]
[SourceQuality "1"]

1. e4 c5 2. Nf3 d6 3. Bb5+ Nd7 4. c3 Ngf6 5. Qe2 e6 6. O-O a6 7. Ba4 Be7 8. d4 O-O 9. Bg5 h6 10. Bh4 b5 11. Bc2 Bb7 12. Nbd2 Qc7 13. Rac1 e5 14. Rfe1 Rfe8 15. dxe5 dxe5 16. Nf1 Nh5 17. Bxe7 Nf4 18. Qe3 Rxe7 19. Ng3 Nf6 20. Nf5 Ree8 21. h3 Rad8 22. Rcd1 g6 23. Nxh6+ Kg7 24. Ng4 Nxg4 25. hxg4 Rh8 26. g3 Ne6 27. Kg2 f6 28. g5 Qe7 29. gxf6+ Qxf6 30. Rh1 Rxh1 31. Rxh1 g5 32. Rh5 Qg6 33. Nxg5 Kf6 34. Nxe6 Qxh5 35. Nxd8 Bc8 36. Qf3+ 1-0

[Event "Champions Challenge 191th"]
[Site "Playchess.com INT"]
[Date "2007.03.24"]
[Round "1.2"]
[White "Samsonkin, Artiom"]
[Black "Nestorovic, Dejan"]
[Result "1-0"]
[WhiteElo "2488"]
[BlackElo "2387"]
[WhiteFideId "-1"]
[WhiteFideId "-1"]
[PlyCount "151"]
[GameId "1166649242419200"]
[EventDate "2007.03.24"]
[EventType "k.o. (blitz)"]
[EventRounds "5"]
[EventCountry "GER"]
[SourceTitle "CBM 117 Extra"]
[Source "ChessBase"]
[SourceDate "2007.05.09"]
[SourceVersion "1"]
[SourceVersionDate "2007.05.09"]
[SourceQuality "1"]

1. e4 c5 2. Nf3 a6 3. c3 e6 4. d4 d5 5. e5 Bd7 6. a4 Nc6 7. Be2 Nh6 8. O-O Nf5 9. dxc5 Bxc5 10. Nbd2 Qc7 11. Nb3 Be7 12. Bf4 h6 13. h3 g5 14. Bh2 h5 15. Nfd4 Ncxd4 16. Nxd4 Nxd4 17. cxd4 h4 18. f4 Qb6 19. fxg5 Bxg5 20. Kh1 Be3 21. Bh5 O-O-O 22. Bxf7 Qxd4 23. Qb3 Kb8 24. a5 Rhf8 25. Rad1 Qa7 26. Rxd5 Bb5 27. Rxd8+ Rxd8 28. Rd1 Rxd1+ 29. Qxd1 Qc5 30. Qd6+ Ka7 31. Qxc5+ Bxc5 32. Bxe6 Bd4 33. b3 Bc3 34. Bc4 Bxc4 35. bxc4 Kb8 36. e6+ Kc8 37. g3 hxg3 38. Bxg3 Kd8 39. Bd6 Bxa5 40. Kg2 Bd2 41. Kf3 b5 42. c5 Ba5 43. c6 b4 44. e7+ Ke8 45. c7 Bxc7 46. Bxc7 Kxe7 47. Ba5 b3 48. Bc3 Ke6 49. Ke4 Kf7 50. h4 Kg6 51. Kf4 Kh5 52. Kg3 a5 53. Bb2 a4 54. Ba3 Kg6 55. Kg4 Kh6 56. h5 Kh7 57. Kg5 Kg7 58. h6+ Kf7 59. Bb2 Kg8 60. Kg6 a3 61. h7+ Kf8 62. Bxa3+ Ke8 63. h8=Q+ Kd7 64. Qc3 Ke6 65. Qxb3+ Ke5 66. Qe3+ Kd5 67. Qc5+ Ke4 68. Qe7+ Kf3 69. Kf5 Kf2 70. Qe4 Kg1 71. Qd3 Kh1 72. Qc2 Kg1 73. Kf4 Kf1 74. Kg3 Kg1 75. Qf2+ Kh1 76. Qf1# 1-0

[Event "Champions Challenge 191th"]
[Site "Playchess.com INT"]
[Date "2007.03.24"]
[Round "1.3"]
[White "Nestorovic, Dejan"]
[Black "Samsonkin, Artiom"]
[Result "0-1"]
[WhiteElo "2387"]
[BlackElo "2516"]
[WhiteFideId "-1"]
[WhiteFideId "-1"]
[PlyCount "100"]
[GameId "1166649242456064"]
[EventDate "2007.03.24"]
[EventType "k.o. (blitz)"]
[EventRounds "5"]
[EventCountry "GER"]
[SourceTitle "CBM 117 Extra"]
[Source "ChessBase"]
[SourceDate "2007.05.09"]
[SourceVersion "1"]
[SourceVersionDate "2007.05.09"]
[SourceQuality "1"]

1. e4 d5 2. exd5 Nf6 3. Bb5+ Bd7 4. Be2 Nxd5 5. d4 Nc6 6. c4 Nb6 7. Nc3 Bf5 8. Be3 e6 9. a3 Be7 10. Nf3 O-O 11. h3 Bf6 12. Qd2 Qd7 13. g4 Bg6 14. h4 h5 15. gxh5 Bxh5 16. Ng5 Bg6 17. Rd1 Na5 18. Nce4 Naxc4 19. Bxc4 Nxc4 20. Qe2 Nxe3 21. fxe3 Qd5 22. Nxf6+ gxf6 23. e4 Qa5+ 24. b4 Qxa3 25. Nf3 Qxb4+ 26. Kf2 Kh8 27. Qe3 Bh7 28. Qh6 Qe7 29. Rhg1 Rg8 30. e5 Rg6 31. Rxg6 fxg6 32. h5 Qg7 33. Qf4 fxe5 34. dxe5 Rf8 35. h6 Rxf4 36. hxg7+ Kxg7 37. Ke3 Rf7 38. Ng5 Re7 39. Rc1 Kh6 40. Ne4 g5 41. Rh1+ Kg6 42. Rg1 Kh6 43. Nf6 Bf5 44. Rh1+ Kg6 45. Rg1 g4 46. Rd1 Rf7 47. Kf4 Rxf6 48. exf6 Kxf6 49. Rd7 e5+ 50. Ke3 Bxd7 0-1

[Event "Champions Challenge 191th"]
[Site "Playchess.com INT"]
[Date "2007.03.24"]
[Round "2.1"]
[White "Ristic, Nebojsa M"]
[Black "Samsonkin, Artiom"]
[Result "1-0"]
[WhiteElo "2336"]
[BlackElo "2541"]
[WhiteFideId "-1"]
[WhiteFideId "-1"]
[PlyCount "75"]
[GameId "1166649242529792"]
[EventDate "2007.03.24"]
[EventType "k.o. (blitz)"]
[EventRounds "5"]
[EventCountry "GER"]
[SourceTitle "CBM 117 Extra"]
[Source "ChessBase"]
[SourceDate "2007.05.09"]
[SourceVersion "1"]
[SourceVersionDate "2007.05.09"]
[SourceQuality "1"]

1. d4 Nf6 2. c4 g6 3. Nc3 Bg7 4. e4 d6 5. Nf3 O-O 6. Be2 e5 7. O-O Na6 8. Re1 Qe8 9. d5 Nc5 10. Bf1 a5 11. Rb1 Nh5 12. Be3 f5 13. Bxc5 dxc5 14. exf5 gxf5 15. Nb5 e4 16. Nxc7 Qd8 17. Nxa8 exf3 18. Qxf3 Nf6 19. Qf4 Ng4 20. Nc7 Bh6 21. Qg3 f4 22. Qh3 Qxc7 23. f3 Qg7 24. fxg4 Bxg4 25. Qh4 f3 26. gxf3 Bf5+ 27. Kh1 Bxb1 28. Rxb1 Rxf3 29. Bh3 Be3 30. Re1 Rf4 31. Qh5 Qe7 32. Be6+ Kh8 33. Rxe3 Rf1+ 34. Kg2 Qf6 35. Rg3 Qxb2+ 36. Kh3 Rf8 37. Qg4 Qf6 38. Qg8+ 1-0

[Event "Champions Challenge 191th"]
[Site "Playchess.com INT"]
[Date "2007.03.24"]
[Round "2.2"]
[White "Samsonkin, Artiom"]
[Black "Ristic, Nebojsa M"]
[Result "0-1"]
[WhiteElo "2523"]
[BlackElo "2336"]
[WhiteFideId "-1"]
[WhiteFideId "-1"]
[PlyCount "60"]
[GameId "1166649242550272"]
[EventDate "2007.03.24"]
[EventType "k.o. (blitz)"]
[EventRounds "5"]
[EventCountry "GER"]
[SourceTitle "CBM 117 Extra"]
[Source "ChessBase"]
[SourceDate "2007.05.09"]
[SourceVersion "1"]
[SourceVersionDate "2007.05.09"]
[SourceQuality "1"]

1. e4 e6 2. d4 d5 3. e5 c5 4. c3 Nc6 5. Nf3 Qb6 6. a3 Bd7 7. Bd3 O-O-O 8. dxc5 Bxc5 9. O-O d4 10. b4 Be7 11. cxd4 Nxd4 12. Be3 Bc6 13. Nxd4 Rxd4 14. Bxd4 Qxd4 15. b5 Qxa1 16. bxc6 Qxe5 17. Qb3 bxc6 18. Ba6+ Kd7 19. Rd1+ Ke8 20. Qb7 f5 21. Qxc6+ Kf7 22. Nd2 Nf6 23. Nf3 Qc5 24. Qb7 Ne4 25. Qb2 Bf6 26. Qe2 Rb8 27. Rd7+ Kg8 28. Bb7 Qc3 29. Bxe4 fxe4 30. Qxe4 Qc6 0-1

[Event "Champions Challenge 189th"]
[Site "Playchess.com INT"]
[Date "2007.03.10"]
[Round "1.1"]
[White "Gajsin, Evgenij"]
[Black "Samsonkin, Artiom"]
[Result "1-0"]
[WhiteElo "2456"]
[BlackElo "2494"]
[WhiteFideId "-1"]
[WhiteFideId "-1"]
[PlyCount "63"]
[GameId "1166649221173248"]
[EventDate "2007.03.10"]
[EventType "k.o. (blitz)"]
[EventRounds "5"]
[EventCountry "GER"]
[SourceTitle "CBM 117 Extra"]
[Source "ChessBase"]
[SourceDate "2007.05.09"]
[SourceVersion "1"]
[SourceVersionDate "2007.05.09"]
[SourceQuality "1"]

1. e4 c5 2. Nf3 d6 3. d4 cxd4 4. Nxd4 Nf6 5. Nc3 Nc6 6. Bg5 e6 7. Qd2 a6 8. O-O-O Bd7 9. f3 b5 10. Nxc6 Bxc6 11. Ne2 Be7 12. Nd4 Bb7 13. h4 h6 14. Be3 Qc7 15. g4 d5 16. Bh3 dxe4 17. g5 Nd5 18. g6 f5 19. Nxe6 Qe5 20. Bxf5 Bf6 21. Bd4 Qxf5 22. fxe4 Qxe6 23. exd5 Bxd5 24. Rhe1 Be4 25. Bxf6 O-O 26. Bc3 Qxg6 27. Rg1 b4 28. Bd4 Rac8 29. Rxg6 Bxg6 30. c3 bxc3 31. Bxc3 Kh7 32. Qd7 1-0

[Event "Champions Challenge 189th"]
[Site "Playchess.com INT"]
[Date "2007.03.10"]
[Round "1.2"]
[White "Samsonkin, Artiom"]
[Black "Gajsin, Evgenij"]
[Result "1-0"]
[WhiteElo "2482"]
[BlackElo "2456"]
[WhiteFideId "-1"]
[WhiteFideId "-1"]
[PlyCount "83"]
[GameId "1166649221218304"]
[EventDate "2007.03.10"]
[EventType "k.o. (blitz)"]
[EventRounds "5"]
[EventCountry "GER"]
[SourceTitle "CBM 117 Extra"]
[Source "ChessBase"]
[SourceDate "2007.05.09"]
[SourceVersion "1"]
[SourceVersionDate "2007.05.09"]
[SourceQuality "1"]

1. e4 c5 2. Nf3 d6 3. d4 cxd4 4. Nxd4 Nf6 5. Nc3 a6 6. Bg5 e6 7. f4 Qb6 8. Qd2 Qxb2 9. Nb3 Qa3 10. Bxf6 gxf6 11. Be2 Nc6 12. O-O Bd7 13. Bh5 Rc8 14. f5 e5 15. Nd5 Be7 16. Rad1 Rg8 17. Qh6 Nd8 18. Qxh7 Kf8 19. Nxe7 Kxe7 20. Qxg8 Rxc2 21. Qg3 Qxa2 22. Nc1 Qb2 23. Nd3 Qd4+ 24. Kh1 Qxe4 25. Nf2 Qb4 26. Ng4 Bc6 27. Ne3 Rc3 28. Rc1 Rb3 29. Bd1 Ra3 30. Qe1 Qe4 31. Rc3 Ra2 32. Bf3 Qd4 33. Rc4 Qb2 34. Rc2 Qb3 35. Rxa2 Qxa2 36. Qb1 Qd2 37. Bxc6 bxc6 38. Ng4 d5 39. h3 Qg5 40. Qb8 e4 41. Qc7+ Ke8 42. Qd6 1-0

[Event "Champions Challenge 189th"]
[Site "Playchess.com INT"]
[Date "2007.03.10"]
[Round "2.1"]
[White "Plaskett, Jim"]
[Black "Samsonkin, Artiom"]
[Result "1-0"]
[WhiteElo "2492"]
[BlackElo "2525"]
[WhiteFideId "-1"]
[WhiteFideId "-1"]
[PlyCount "77"]
[GameId "1166649221267456"]
[EventDate "2007.03.10"]
[EventType "k.o. (blitz)"]
[EventRounds "5"]
[EventCountry "GER"]
[SourceTitle "CBM 117 Extra"]
[Source "ChessBase"]
[SourceDate "2007.05.09"]
[SourceVersion "1"]
[SourceVersionDate "2007.05.09"]
[SourceQuality "1"]

1. e4 c5 2. Nf3 d6 3. d4 cxd4 4. Nxd4 Nf6 5. Nc3 Nc6 6. Bc4 Qb6 7. Nxc6 bxc6 8. O-O e5 9. Bb3 Be7 10. Na4 Qc7 11. c4 Nxe4 12. f4 O-O 13. Qe2 Nf6 14. fxe5 dxe5 15. Bg5 Ng4 16. Bxe7 Qxe7 17. Rae1 f6 18. Bc2 Nh6 19. Qe4 g6 20. Qxc6 Bd7 21. Qc5 Qf7 22. Qa5 Nf5 23. Nc5 Nd4 24. Be4 Rab8 25. Bd5 Be6 26. Nxe6 Nxe6 27. Rxe5 fxe5 28. Rxf7 Kxf7 29. Qxa7+ Kf6 30. Qa6 Rfe8 31. b3 Kf5 32. Qd6 Nf4 33. Bc6 Red8 34. Bd7+ Ke4 35. g3 Ne2+ 36. Kg2 Nd4 37. c5 Ra8 38. a4 Ra7 39. c6 1-0

[Event "Champions Challenge 189th"]
[Site "Playchess.com INT"]
[Date "2007.03.10"]
[Round "2.2"]
[White "Samsonkin, Artiom"]
[Black "Plaskett, Jim"]
[Result "0-1"]
[WhiteElo "2517"]
[BlackElo "2492"]
[WhiteFideId "-1"]
[WhiteFideId "-1"]
[PlyCount "106"]
[GameId "1166649221287936"]
[EventDate "2007.03.10"]
[EventType "k.o. (blitz)"]
[EventRounds "5"]
[EventCountry "GER"]
[SourceTitle "CBM 117 Extra"]
[Source "ChessBase"]
[SourceDate "2007.05.09"]
[SourceVersion "1"]
[SourceVersionDate "2007.05.09"]
[SourceQuality "1"]

1. e4 d6 2. d4 g6 3. Nc3 Bg7 4. f4 Nc6 5. Be3 Nf6 6. Nf3 a6 7. d5 Na7 8. a4 O-O 9. Bd3 c6 10. O-O Bd7 11. dxc6 Nxc6 12. Kh1 Qa5 13. Qd2 Bg4 14. Qf2 Bxf3 15. Qxf3 Nd7 16. Nd5 e6 17. Nc3 Bxc3 18. bxc3 Qxc3 19. Rab1 Rab8 20. f5 Nde5 21. Qh3 exf5 22. exf5 Nxd3 23. cxd3 Qxd3 24. f6 Kh8 25. Rbd1 Qe2 26. Bh6 Rg8 27. Bg7+ Rxg7 28. fxg7+ Kxg7 29. Qd7 Qe7 30. Rxd6 Re8 31. h3 h5 32. Rd2 h4 33. Qg4 Ne5 34. Qd4 g5 35. Re2 f6 36. Rc2 Rd8 37. Qb6 Rd7 38. Rc8 Nc6 39. Qb3 Qf7 40. Qc3 Ne7 41. Rb8 Nc6 42. Rxf6 Qxf6 43. Rg8+ Kxg8 44. Qxf6 Rg7 45. Qe6+ Kh7 46. Kh2 Rg6 47. Qf7+ Rg7 48. Qf5+ Kg8 49. a5 Kh8 50. Kg1 Kg8 51. Kf2 Rf7 52. Qxf7+ Kxf7 53. Kf3 Nxa5 0-1

[Event "Bykova Memorial 4th"]
[Site "Vladimir"]
[Date "2006.12.14"]
[Round "1"]
[White "Samsonkin, Artiom"]
[Black "Charochkina, Daria"]
[Result "1/2-1/2"]
[WhiteElo "2362"]
[BlackElo "2266"]
[WhiteFideId "-1"]
[WhiteFideId "-1"]
[PlyCount "76"]
[GameId "1292054103584768"]
[EventDate "2006.12.14"]
[EventType "tourn"]
[EventRounds "14"]
[EventCountry "RUS"]
[EventCategory "1"]
[SourceTitle "EXT 2019"]
[Source "ChessBase"]
[SourceDate "2018.10.10"]
[SourceVersion "1"]
[SourceVersionDate "2018.10.10"]
[SourceQuality "1"]

1. e4 c5 2. Nf3 Nc6 3. d4 cxd4 4. Nxd4 e6 5. Nb5 d6 6. Bf4 e5 7. Be3 Nf6 8. Bg5 Be6 9. Nd2 Be7 10. Bxf6 Bxf6 11. Nc4 O-O 12. Qxd6 Qc8 13. c3 Rd8 14. Qc7 Be7 15. Qxc8 Raxc8 16. Nba3 Nd4 17. Rd1 b5 18. Nd2 b4 19. cxd4 bxa3 20. d5 axb2 21. Ba6 Rc1 22. Ke2 Bc8 23. Bd3 Ba3 24. Nb1 Rxd1 25. Kxd1 Bc5 26. Kc2 Bxf2 27. Kxb2 Bd4+ 28. Kc2 Bd7 29. Na3 Rc8+ 30. Kd2 Bc3+ 31. Ke3 Bd4+ 32. Kd2 Bc3+ 33. Ke2 Bg4+ 34. Ke3 Bd4+ 35. Kd2 Bc3+ 36. Kc2 Bd4+ 37. Kd2 Bc3+ 38. Kc2 Bd4+ 1/2-1/2

[Event "Bykova Memorial 4th"]
[Site "Vladimir"]
[Date "2006.12.15"]
[Round "2"]
[White "Dudukin, Ilya"]
[Black "Samsonkin, Artiom"]
[Result "1/2-1/2"]
[WhiteElo "2434"]
[BlackElo "2362"]
[WhiteFideId "-1"]
[WhiteFideId "-1"]
[PlyCount "97"]
[GameId "1292054103597056"]
[EventDate "2006.12.14"]
[EventType "tourn"]
[EventRounds "14"]
[EventCountry "RUS"]
[EventCategory "1"]
[SourceTitle "EXT 2019"]
[Source "ChessBase"]
[SourceDate "2018.10.10"]
[SourceVersion "1"]
[SourceVersionDate "2018.10.10"]
[SourceQuality "1"]

1. Nf3 Nf6 2. c4 g6 3. Nc3 Bg7 4. e4 d6 5. d4 O-O 6. Be2 e5 7. O-O Na6 8. Re1 Qe8 9. Bf1 Bg4 10. d5 Nb4 11. Rb1 a5 12. Nb5 Qe7 13. a3 Bxf3 14. Qxf3 Nc2 15. Rd1 c6 16. dxc6 bxc6 17. Qe2 Nd4 18. Nxd4 exd4 19. Rxd4 Rfe8 20. Rd3 Nxe4 21. Bf4 Qa7 22. Qf3 Bd4 23. Be3 Bxe3 24. Rxe3 d5 25. Rd1 Re5 26. Re2 Rf5 27. Qe3 Qxe3 28. fxe3 Rb8 29. Rd4 c5 30. Rxd5 Rxd5 31. cxd5 Rd8 32. Rc2 Rxd5 33. Be2 Nd6 34. Kf2 Kg7 35. Bf3 Re5 36. Rc3 f5 37. Rd3 Nc4 38. Rb3 Kf6 39. Be2 Nd6 40. Rb6 Re6 41. Ke1 Ke7 42. Rc6 Re5 43. Kf2 Kd7 44. Ra6 c4 45. Ra7+ Ke6 46. Ra6 Kd7 47. Ra7+ Ke6 48. Rc7 Rb5 49. Bxc4+ 1/2-1/2

[Event "Bykova Memorial 4th"]
[Site "Vladimir"]
[Date "2006.12.16"]
[Round "3"]
[White "Samsonkin, Artiom"]
[Black "Chistiakova, Tamara"]
[Result "1-0"]
[WhiteElo "2362"]
[BlackElo "2314"]
[WhiteFideId "-1"]
[WhiteFideId "-1"]
[PlyCount "73"]
[GameId "1292054103638016"]
[EventDate "2006.12.14"]
[EventType "tourn"]
[EventRounds "14"]
[EventCountry "RUS"]
[EventCategory "1"]
[SourceTitle "EXT 2019"]
[Source "ChessBase"]
[SourceDate "2018.10.10"]
[SourceVersion "1"]
[SourceVersionDate "2018.10.10"]
[SourceQuality "1"]

1. e4 c5 2. Nf3 d6 3. d4 cxd4 4. Nxd4 Nf6 5. Nc3 Nc6 6. Bg5 e6 7. Qd2 a6 8. O-O-O Bd7 9. f4 b5 10. Bxf6 gxf6 11. f5 h5 12. Kb1 Bh6 13. Qf2 Ne5 14. fxe6 fxe6 15. Be2 Ng4 16. Bxg4 hxg4 17. Qg3 b4 18. Nce2 Qc7 19. Qxg4 O-O-O 20. Qf3 Qb7 21. Nb3 Kc7 22. Rhe1 Bg5 23. Nf4 f5 24. Nd3 Rxh2 25. Ndc5 Qc6 26. Nxd7 Qxd7 27. exf5 e5 28. Re4 Qc6 29. Na5 Qb5 30. Rc4+ Kb6 31. Rxb4 Qxb4 32. Qb7+ Kxa5 33. Rd5+ Qb5 34. Rxb5+ axb5 35. a3 b4 36. axb4+ Ka4 37. Ka2 1-0

[Event "Bykova Memorial 4th"]
[Site "Vladimir"]
[Date "2006.12.16"]
[Round "4"]
[White "Ambartsumova, Karina"]
[Black "Samsonkin, Artiom"]
[Result "0-1"]
[WhiteElo "2179"]
[BlackElo "2362"]
[WhiteFideId "-1"]
[WhiteFideId "-1"]
[PlyCount "36"]
[GameId "1292054103658496"]
[EventDate "2006.12.14"]
[EventType "tourn"]
[EventRounds "14"]
[EventCountry "RUS"]
[EventCategory "1"]
[SourceTitle "EXT 2019"]
[Source "ChessBase"]
[SourceDate "2018.10.10"]
[SourceVersion "1"]
[SourceVersionDate "2018.10.10"]
[SourceQuality "1"]

1. e4 c5 2. Nf3 d6 3. c3 Nf6 4. Be2 Nbd7 5. Qc2 Qc7 6. O-O e6 7. d4 Be7 8. h3 O-O 9. Be3 cxd4 10. Nxd4 d5 11. Nd2 Nc5 12. Nb5 Qb8 13. exd5 Nxd5 14. Bxc5 Bxc5 15. Ne4 Be7 16. c4 Nb4 17. Qb3 a6 18. c5 axb5 0-1

[Event "Bykova Memorial 4th"]
[Site "Vladimir"]
[Date "2006.12.17"]
[Round "5"]
[White "Samsonkin, Artiom"]
[Black "Girya, Olga"]
[Result "1-0"]
[WhiteElo "2362"]
[BlackElo "2240"]
[WhiteFideId "-1"]
[WhiteFideId "-1"]
[PlyCount "65"]
[GameId "1292054103691264"]
[EventDate "2006.12.14"]
[EventType "tourn"]
[EventRounds "14"]
[EventCountry "RUS"]
[EventCategory "1"]
[SourceTitle "EXT 2019"]
[Source "ChessBase"]
[SourceDate "2018.10.10"]
[SourceVersion "1"]
[SourceVersionDate "2018.10.10"]
[SourceQuality "1"]

1. e4 c5 2. c3 d5 3. exd5 Qxd5 4. d4 Nf6 5. Nf3 Bg4 6. Be2 e6 7. Na3 Nc6 8. O-O cxd4 9. Nb5 Rc8 10. Nbxd4 Nxd4 11. Nxd4 Bxe2 12. Qxe2 Be7 13. Rd1 a6 14. Nf3 Qh5 15. Bg5 O-O 16. Rd4 Rc5 17. h4 e5 18. Rb4 Re8 19. Rxb7 e4 20. Bxf6 exf3 21. Rxe7 Rxe7 22. Qxe7 gxf6 23. Qxf6 Rf5 24. Qd8+ Kg7 25. Qd4+ Rf6 26. Re1 Qg6 27. g4 h6 28. Kh2 Kh7 29. Re8 Qc2 30. Kg3 Qg6 31. Qd8 Qg7 32. h5 Rf5 33. Qd3 1-0

[Event "Bykova Memorial 4th"]
[Site "Vladimir"]
[Date "2006.12.18"]
[Round "6"]
[White "Redko, Stepan"]
[Black "Samsonkin, Artiom"]
[Result "1/2-1/2"]
[WhiteElo "2228"]
[BlackElo "2362"]
[WhiteFideId "-1"]
[WhiteFideId "-1"]
[PlyCount "21"]
[GameId "1292054103719936"]
[EventDate "2006.12.14"]
[EventType "tourn"]
[EventRounds "14"]
[EventCountry "RUS"]
[EventCategory "1"]
[SourceTitle "EXT 2019"]
[Source "ChessBase"]
[SourceDate "2018.10.10"]
[SourceVersion "1"]
[SourceVersionDate "2018.10.10"]
[SourceQuality "1"]

1. e4 e6 2. d4 d5 3. exd5 exd5 4. Bd3 Bd6 5. Nf3 Nf6 6. O-O O-O 7. c3 c6 8. Bg5 Bg4 9. Nbd2 Nbd7 10. Bh4 Re8 11. Bg3 1/2-1/2

[Event "Bykova Memorial 4th"]
[Site "Vladimir"]
[Date "2006.12.18"]
[Round "7"]
[White "Samsonkin, Artiom"]
[Black "Sharafiev, Azat"]
[Result "1/2-1/2"]
[WhiteElo "2362"]
[BlackElo "2294"]
[WhiteFideId "-1"]
[WhiteFideId "-1"]
[PlyCount "22"]
[GameId "1292054103744512"]
[EventDate "2006.12.14"]
[EventType "tourn"]
[EventRounds "14"]
[EventCountry "RUS"]
[EventCategory "1"]
[SourceTitle "EXT 2019"]
[Source "ChessBase"]
[SourceDate "2018.10.10"]
[SourceVersion "1"]
[SourceVersionDate "2018.10.10"]
[SourceQuality "1"]

1. e4 e5 2. f4 exf4 3. Nf3 g5 4. h4 g4 5. Ne5 Nf6 6. Nxg4 d6 7. Nxf6+ Qxf6 8. Nc3 Nc6 9. Nd5 Qg6 10. d3 Qg3+ 11. Kd2 Ne7 1/2-1/2

[Event "Bykova Memorial 4th"]
[Site "Vladimir"]
[Date "2006.12.19"]
[Round "8"]
[White "Papenin, Nikolai"]
[Black "Samsonkin, Artiom"]
[Result "1/2-1/2"]
[WhiteElo "2354"]
[BlackElo "2362"]
[WhiteFideId "-1"]
[WhiteFideId "-1"]
[PlyCount "31"]
[GameId "1292054103781376"]
[EventDate "2006.12.14"]
[EventType "tourn"]
[EventRounds "14"]
[EventCountry "RUS"]
[EventCategory "1"]
[SourceTitle "EXT 2019"]
[Source "ChessBase"]
[SourceDate "2018.10.10"]
[SourceVersion "1"]
[SourceVersionDate "2018.10.10"]
[SourceQuality "1"]

1. d4 d5 2. c4 dxc4 3. e3 c5 4. Bxc4 e6 5. Nf3 Nf6 6. O-O a6 7. dxc5 Qxd1 8. Rxd1 Bxc5 9. a3 b5 10. Be2 Bb7 11. a4 b4 12. Nbd2 Bd5 13. Bc4 Nc6 14. Bxd5 Nxd5 15. Nb3 Ba7 16. Bd2 1/2-1/2

[Event "Bykova Memorial 4th"]
[Site "Vladimir"]
[Date "2006.12.19"]
[Round "9"]
[White "Samsonkin, Artiom"]
[Black "Karpov, Alexander"]
[Result "1/2-1/2"]
[WhiteElo "2362"]
[BlackElo "2337"]
[WhiteFideId "-1"]
[WhiteFideId "-1"]
[PlyCount "45"]
[GameId "1292054103793664"]
[EventDate "2006.12.14"]
[EventType "tourn"]
[EventRounds "14"]
[EventCountry "RUS"]
[EventCategory "1"]
[SourceTitle "EXT 2019"]
[Source "ChessBase"]
[SourceDate "2018.10.10"]
[SourceVersion "1"]
[SourceVersionDate "2018.10.10"]
[SourceQuality "1"]

1. e4 c5 2. Nf3 e6 3. d4 cxd4 4. c3 Nf6 5. e5 Nd5 6. cxd4 d6 7. Bc4 Nb6 8. Bb3 Nc6 9. O-O dxe5 10. dxe5 Qxd1 11. Rxd1 Bd7 12. Nc3 Na5 13. Bc2 Rc8 14. Be4 Bb4 15. Ne2 O-O 16. Ned4 Rc7 17. a3 Be7 18. b3 Nd5 19. Bd2 b6 20. Bxd5 exd5 21. Bb4 Bc5 22. Bxc5 bxc5 23. b4 1/2-1/2